header

Pippi Longstocking (Record no. 265425)

MARC details
000 -LEADER
fixed length control field 00220nam a22000977a 4500
020 ## - INTERNATIONAL STANDARD BOOK NUMBER
ISBN 9780140309577
100 ## - MAIN ENTRY--AUTHOR NAME
Personal name Astrid Lindgren
245 ## - TITLE STATEMENT
Title Pippi Longstocking
260 ## - PUBLICATION, DISTRIBUTION, ETC. (IMPRINT)
Place of publication New York
Name of publisher Penguin Group
Year of publication 1997
942 ## - ADDED ENTRY ELEMENTS (KOHA)
Koha item type Long Loan Books
Holdings
Withdrawn status Lost status Collection code Home library Current library Shelving location Date acquired Accession Number Koha item type
    Fiction Rongo University Library Rongo University Library Children's Area 03/12/2025 CL20250073 Long Loan Books

© 2026 Rongo University
Contact us: librarian | system librarian | Rongo university